000 00998cam a2200337 a 4500
001 49975
005 20230410103843.0
008 070730s2007 ko ab b 000 0 eng c
035 _a(OCoLC)ocn159941393
040 _aLWU
_cLWU
_dBUF
020 _a9788989571469
020 _a8989571464
035 _a(OCoLC)159941393
041 1 _aeng
_hkor
042 _apcc
043 _aa-kr---
050 1 4 _a409 DS 910.18
_bP139k 2007
049 _aGRAL
100 1 _aBae, Ki-chan,
_d1962-
245 1 0 _aKorea at the crossroads :
_bthe history and future of East Asia /
_cBae Kichan ; translated by Kim Jin.
250 _a1st ed.
260 _aSeoul :
_bHappyreading,
_c2007.
300 _a488 p. :
_bill., maps ;
_c23 cm.
500 _aTranslation of: Koria, tasi saengjon ui kiro e soda.
504 _aIncludes bibliographical references (p. 470-488).
651 0 _aKorea
_xForeign relations.
650 0 _aWorld politics.
942 _2lcc
_cbk
946 _aclperez
994 _aC0
_bDRFGD
999 _c27116
_d27116